000 00775nam a2200205 a 4500
001 000025269
005 20200930023654.0
008 110211s2006 cu c r 000 0 spa d
020 _a9597177102
040 _aDO-SdBNP
_bspa
_cBNPHU
082 _axxxxx
_bS111
100 1 _aSaab, Tarek William
_951777
245 1 4 _aLos niños del infortunio :
_bmemorias de la misión médica cubana en pakistán /
_cTarek William Saab : prólogo Eusebio Leal Spengler ; edición Lilian Sabina Roque.
260 _aLa Habana :
_bPlaza,
_c2006.
300 _a100 p. :
_bretrs. ;
_c23 cm.
500 _aIncluye referencia biográfica del autor en la solapa de la cubierta.
700 1 _aLeal Spengler, Eusebio,
_epról.
_945211
700 1 _aSabina Roque, Lilian,
_eed.
_942649
049 _aBNGR
999 _c24762
_d24762